Statystyki dla 15 najbardziej dotkniętych krajów Covid-19 - 17 lipca

Kliknij tutaj aby rozwiązać quiz!

Ogólne statystyki

  • Ten quiz został rozwiązany 26 razy
  • Średni wynik to 10 z 25

Statystyki odpowiedzi

kraj% Poprawnych
Stany Zjednoczone
96%
Rosja
83%
Brazylia
78%
Hiszpania
78%
Włochy
78%
Wielka Brytania
65%
Indie
57%
Turcja
52%
Meksyk
48%
Iran
39%
Peru
35%
Republika
Południowej Afryki
35%
Szwecja
35%
Arabia Saudyjska
26%
Białoruś
22%
Chile
17%
Chile
17%
Katar
17%
Oman
17%
Pakistan
17%
Kuwejt
13%
Singapur
13%
Panama
9%
Armenia
4%
Bahrajn
4%

Rozkład punktacji

Percentyl według liczby udzielonych odpowiedzi

Procent ludzi z każdym wynikiem

Twoja historia wyników

Nie rozwiązałeś tego quizu